Culture Générale - Clic Quiz - La réponse est en emoji par IA #35 - Statistiques

Statistiques générales
  • Ce quiz a été pris 187 fois
  • Le résultat moyen est 19 sur 40
Statistiques - réponses
Hint Réponse % Correct
Dora l'exploratrice
89%
Raiponce
88%
Pocahontas
81%
Eva Longoria
80%
Melania Trump
78%
Simone Veil
77%
La Esmeralda
77%
Black Swan
75%
Katy Perry
71%
Elisabeth Olsen
70%
Fifi Brindacier
70%
Adèle Exarchopoulos
69%
Romy Schneider
60%
Megan Rapinoe
59%
Catherine d'Aragon
55%
Kaley Cuoco (Penny dans The Big Bang Theory)
53%
Fanny Ardant
50%
Bella Hadid
49%
Ellen Ripley (Alien)
45%
Wendy Torrance (Shining)
44%
Teri Hatcher
43%
Aung San Suu Kyi
42%
Adriana Lima
41%
Thérèse de Lisieux
39%
Laura Pausini
39%
Simone de Beauvoir
38%
Farrah Fawcett
36%
Dolores O'Riordan (The Cranberries)
35%
Françoise Hardy
32%
Jane Seymour
28%
Linda Evangelista
23%
Rooney Mara
23%
Vera Farmiga
18%
Greta Garbo
18%
Taissa Farmiga
16%
Zazie Beetz
15%
Mia Goth
15%
Jane Russell
14%
Tori Amos
14%
Candice Swanepoel
14%
Aucun quiz correspondant
Distribution des résultats
% des personnes avec chaque résultat
Percentile par nombre de réponses
Votre historique - résultats
Vous n’avez pas pris ce quiz